<?xml version="1.0" encoding="UTF-8"?><?xml-stylesheet type="text/xsl" href="static/style.xsl"?><OAI-PMH xmlns="http://www.openarchives.org/OAI/2.0/" xmlns:xsi="http://www.w3.org/2001/XMLSchema-instance" xsi:schemaLocation="http://www.openarchives.org/OAI/2.0/ http://www.openarchives.org/OAI/2.0/OAI-PMH.xsd"><responseDate>2026-04-17T07:46:26Z</responseDate><request verb="GetRecord" identifier="oai:riubu.ubu.es:10259/5143" metadataPrefix="marc">https://riubu.ubu.es/oai/request</request><GetRecord><record><header><identifier>oai:riubu.ubu.es:10259/5143</identifier><datestamp>2024-07-16T11:41:37Z</datestamp><setSpec>com_10259_9397</setSpec><setSpec>com_10259_5087</setSpec><setSpec>com_10259_2728</setSpec><setSpec>col_10259_9398</setSpec></header><metadata><record xmlns="http://www.loc.gov/MARC21/slim" xmlns:doc="http://www.lyncode.com/xoai" xmlns:xsi="http://www.w3.org/2001/XMLSchema-instance" xmlns:dcterms="http://purl.org/dc/terms/" xsi:schemaLocation="http://www.loc.gov/MARC21/slim http://www.loc.gov/standards/marcxml/schema/MARC21slim.xsd">
<leader>00925njm 22002777a 4500</leader>
<datafield tag="042" ind1=" " ind2=" ">
<subfield code="a">dc</subfield>
</datafield>
<datafield tag="720" ind1=" " ind2=" ">
<subfield code="a">Martínez Martínez, Rebeca</subfield>
<subfield code="e">author</subfield>
</datafield>
<datafield tag="520" ind1=" " ind2=" ">
<subfield code="a">En este trabajo se pone a punto un método analítico para extraer y determinar colorantes alimentarios azoicos en vinos. La adición de colorantes alimentarios a los vinos no está permitida en la UE; la presencia de estos compuestos en un vino constituye un fraude. La extracción de E123, E124 y E129 en vinos con lana, basada en el método Arata, se optimiza utilizando el análisis de la varianza (ANOVA) y la metodología de diseño de experimentos. Posteriormente, se lleva a cabo el análisis cualitativo con cromatografía en capa fina (TLC). Asimismo, se aborda la determinación cuantitativa mediante espectrofotometría UV-Vis. y regresión por mínimos cuadrados parciales (PLS).</subfield>
</datafield>
<datafield tag="520" ind1=" " ind2=" ">
<subfield code="a">An analytical method to extract and determine azoic food colorants in wines is developed in this work. Addition of food colorants to wines is not permitted in the EU; the presence of these compounds in a wine constitutes a fraud. The extraction of E123, E124 and E129 from wines with wool, based on Arata’s method, is optimized by using analysis of variance (ANOVA) and experimental design methodology. The subsequent qualitative analysis with thin layer chromatography (TLC) is carried out. In addition, quantitative analysis by means of UV-Vis. spectrophotometry and partial least squares (PLS) regression is approached.</subfield>
</datafield>
<datafield tag="024" ind2=" " ind1="8">
<subfield code="a">http://hdl.handle.net/10259/5143</subfield>
</datafield>
<datafield ind1=" " ind2=" " tag="653">
<subfield code="a">Vino</subfield>
</datafield>
<datafield ind1=" " ind2=" " tag="653">
<subfield code="a">Colorantes azoicos</subfield>
</datafield>
<datafield ind1=" " ind2=" " tag="653">
<subfield code="a">Método Arata</subfield>
</datafield>
<datafield ind1=" " ind2=" " tag="653">
<subfield code="a">Diseño de experimentos</subfield>
</datafield>
<datafield ind1=" " ind2=" " tag="653">
<subfield code="a">Regresión por mínimos cuadrados parciales</subfield>
</datafield>
<datafield ind1=" " ind2=" " tag="653">
<subfield code="a">Wine</subfield>
</datafield>
<datafield ind1=" " ind2=" " tag="653">
<subfield code="a">Azoic food colorants</subfield>
</datafield>
<datafield ind1=" " ind2=" " tag="653">
<subfield code="a">Arata´s method</subfield>
</datafield>
<datafield ind1=" " ind2=" " tag="653">
<subfield code="a">Experimental design</subfield>
</datafield>
<datafield ind1=" " ind2=" " tag="653">
<subfield code="a">Partial least squares regression</subfield>
</datafield>
<datafield tag="245" ind1="0" ind2="0">
<subfield code="a">Análisis y optimización de la extracción de colorantes azoicos en vino para la detección de fraudes</subfield>
</datafield>
</record></metadata></record></GetRecord></OAI-PMH>